Extinció de la relació de treball en l'ocupació pública interina : l'impacte de la jurisprudència del TJUE (2016-2020) / l'impacte de la jurisprudència del TJUE (2016-2020) /
MARC
| LEADER | 00000nam a2200000 i 4500 | ||
|---|---|---|---|
| 001 | 25190 | ||
| 003 | Arxiu | ||
| 005 | 20260324180727.0 | ||
| 008 | 210326e202005 spc|||| |||| 0|0 0 cat| | ||
| 015 | |a LL2021 |2 bnc | ||
| 017 | |a DL B 10719-2020 |b Biblioteca de Catalunya | ||
| 020 | |a 9788498039245 | ||
| 035 | |a (ES-BaCBU).b75184497 | ||
| 040 | |a ES-BaBC |b cat |e rda |c ES-BaBC | ||
| 041 | 1 | |a cat |h spa | |
| 043 | |a e-sp--- | ||
| 080 | |a 35:658.3 |x (460) |2 2004 | ||
| 080 | |a 331.106 |x (460) |2 2004 | ||
| 080 | |a 35.08 |x (460):342.7 |2 2004 | ||
| 100 | 1 | |a Rojo Torrecilla, Eduardo, |e autor |9 43710 | |
| 240 | 1 | 0 | |a Extinción de la relación de trabajo en el empleo público interino. |l Català |
| 245 | 1 | 0 | |a Extinció de la relació de treball en l'ocupació pública interina : |b l'impacte de la jurisprudència del TJUE (2016-2020) / |c Eduardo Rojo Torrecilla |
| 264 | 1 | |a [Barcelona] : |b CEMICAL, Consorci d'Estudis, Mediació i Conciliació a l'Administració Local : |b Diputació de Barcelona, |c maig 2020 | |
| 300 | |a 153 pàgines ; |c 24 cm | ||
| 336 | |a text |b txt |2 rdacontent | ||
| 337 | |a sense mediació |b n |2 rdamedia | ||
| 338 | |a volum |b nc |2 rdacarrier | ||
| 490 | 1 | |a Estudis de relacions laborals ; |v 14 | |
| 504 | |a Inclou referències bibliografiques | ||
| 610 | 2 | 7 | |a Tribunal de Justícia de la Unió Europea |x Jurisprudència. |2 lemac |
| 650 | 7 | |a Contractes de treball |z Espanya. |2 lemac | |
| 650 | 7 | |a Administració pública |x Personal |z Espanya. |2 lemac | |
| 651 | 7 | |a Espanya |x Funcionaris i empleats |x Situació legal, lleis, etc. |2 lemac | |
| 710 | 1 | |a Barcelona (Catalunya : Província). |b Diputació |9 52408 | |
| 710 | 2 | |a Consorci d'Estudis, Mediació i Conciliació a l'Administració Local (Barcelona, Catalunya) | |
| 830 | 0 | |a Estudis de relacions laborals ; |v 14 |9 54074 | |
| 907 | |a .b75184497 |b 26-03-21 |c 26-03-21 |d 26-03-21 |e m |f a |g - |h cat |i spc |j 0 |k 0 | ||
| 908 | |a BC |a CBAB | ||
| 940 | |a BC | ||
| 942 | |2 udc |c ARXIU |n 1 | ||
| 952 | |0 0 |1 0 |4 0 |6 BIB461 |7 1 |9 61047 |a Arxiu |b Arxiu |d 2022-03-01 |l 0 |o Bib-461 |p 25190 |r 2022-03-01 00:00:00 |w 2022-03-01 |y ARXIU | ||
| 999 | |c 81171 |d 81171 | ||